MikroRNS-ek túltermelésének hatása Drosophila Alzheimer kór modellben [absztrakt] /

Elmentve itt :
Bibliográfiai részletek
Szerző: Nagy Éva Zsuzsanna
Testületi szerző: Móra Ferenc Szakkollégium Természettudományi Konferencia
Dokumentumtípus: Könyv része
Megjelent: Szegedi Tudományegyetem, Móra Ferenc Szakkollégium Szeged 2025
Sorozat:Móra Ferenc Szakkollégium Természettudományi Konferencia
Kulcsszavak:Molekuláris neurobiológia - előadáskivonat, miRNS-kutatás - előadáskivonat
Tárgyszavak:
Online Access:http://acta.bibl.u-szeged.hu/87208
LEADER 00969naa a2200205 i 4500
001 acta87208
005 20250505131200.0
008 250505s2025 hu o 100 hun d
040 |a SZTE Egyetemi Kiadványok Repozitórium  |b hun 
041 |a hun 
100 1 |a Nagy Éva Zsuzsanna 
245 1 0 |a MikroRNS-ek túltermelésének hatása Drosophila Alzheimer kór modellben   |h [elektronikus dokumentum] :  |b [absztrakt] /  |c  Nagy Éva Zsuzsanna 
260 |a Szegedi Tudományegyetem, Móra Ferenc Szakkollégium  |b Szeged  |c 2025 
300 |a 40 
490 0 |a Móra Ferenc Szakkollégium Természettudományi Konferencia 
650 4 |a Természettudományok 
650 4 |a Biológiai tudományok 
695 |a Molekuláris neurobiológia - előadáskivonat, miRNS-kutatás - előadáskivonat 
711 |a Móra Ferenc Szakkollégium Természettudományi Konferencia  |c Szeged  |d 2025. április 5. 
856 4 0 |u http://acta.bibl.u-szeged.hu/87208/1/morakonf_2025_termtud_040.pdf  |z Dokumentum-elérés